000 00280 a2200145 4500
001 162631
020 _a
040 _cMagnum
100 _aDias, Edna Cardozo
240 1 0 _aS.o.s animal
_lpor
245 1 0 _aS.o.s animal
362 0 _a1899
697 _aZOOLOGIA
942 _cBK
999 _c162631
_d162631